• 首页
  • 本馆介绍
  • 公告通知
  • 最新文献
  • 馆藏检索
  • 电子资源
  • 读者导购
  • 参考咨询
  • 我的图书馆
  • 登录
  • 详细信息显示
  • 放入我的书架
  • 预约/预借图书
  • 作者相关作品
  • 分类相关作品
  • 丛书相关作品
  • 出版社相关作品

书目信息

  • 表格格式
  • 工作单格式
  • 卡片格式
题名:
丰田管理模式全集
    
 
作者: 左岸江安 , 柴宝亭 编著
分册:  
出版信息: 武汉   武汉大学出版社  2012
页数: 264页
开本: 24cm
丛书名:
单 册:
中图分类: F431.364
科图分类:
主题词: 工业企业管理
电子资源:
ISBN: 978-7-307-09848-0
000 01022nam0 22002771 450
001 523
005 20140909094559.93
010    @a978-7-307-09848-0@dCNY35.00
100    @a20120912d2012 em y0chiy50 ea
101 0  @achi
102    @aCN@b420000
105    @ay z 000yy
106    @ar
200 1  @a丰田管理模式全集@AFeng Tian Guan Li Mo Shi Quan Ji@eThe toyota way@f吴强,柴宝亭编著@FWu Qiang, Chai Bao Ting Bian Zhu
210    @a武汉@c武汉大学出版社@d2012
215    @a264页@d24cm
330    @a本书以丰田公司管理模式中最有特色的生产方式为基点,进一步把丰田管理模式分为:生产管理模式、产品研发管理模式、产品质量管理模式、经营改善模式等九大模式,剖析丰田独特的管理理念、管理体制。
510 1  @aToyota way@zeng
601 02 @a丰田汽车公司@x工业企业管理@x经验
601 02 @a丰田汽车公司
606 0  @a工业企业管理
690    @aF431.364@v5
701  0 @a左岸江安@AZuo An Jiang An@4编著
701  0 @a柴宝亭@AChai Bao Ting@f(1965~)@4编著
801  0 @aCN@bTANGWEI@c20140603
905    @b0836865-67@dF431.364@e60@f3
    
    丰田管理模式全集:The toyota way/吴强,柴宝亭编著.-武汉:武汉大学出版社,2012
    264页;24cm
    
    
    ISBN 978-7-307-09848-0:CNY35.00
    本书以丰田公司管理模式中最有特色的生产方式为基点,进一步把丰田管理模式分为:生产管理模式、产品研发管理模式、产品质量管理模式、经营改善模式等九大模式,剖析丰田独特的管理理念、管理体制。
●
相关链接 在E读中查询图书 在五车中查询图书 在当当中查询图书 在豆瓣中查询图书


正题名:丰田管理模式全集     索取号:F431.364/60         预约/预借

序号 登录号 条形码 馆藏地/架位号 状态 备注
1 0836865   208368657   第一样本阅览室/ [索取号:F431.364/60] 在馆    
2 0836866   208368666   密集书库-海洋学院/ [索取号:F431.364/60] 在馆    
3 0836867   208368675   第一借阅区/ [索取号:F431.364/60] 在馆    
唐山师范学院图书馆 欢迎您!
大连网信软件有限公司© 版权所有